| 000 | 00434cam a2200169ua 4500 | ||
|---|---|---|---|
| 020 | _a0-85198-883-0 | ||
| 041 |
_aeng _h |
||
| 082 |
_a634.9285 _bPHI/ME |
||
| 100 | _aPhilip, Michael S . | ||
| 245 |
_aMeasuring trees and forests / _cMichael S Philip. _hTextual Documents |
||
| 250 |
_a2 / _b. |
||
| 260 |
_aUnited Kingdom : _bCAB International , _c1994. |
||
| 300 | _a309 ; . | ||
| 504 | _a | ||
| 942 | _cBK | ||
| 999 |
_c7175 _d7175 |
||